Loading...
Viswasthanaaya kallan
| Main Authors: | , |
|---|---|
| Format: | Printed Book |
| Published: |
1991
|
| LEADER | 004110000a22001210004500 | ||
|---|---|---|---|
| 040 | |a MAL | ||
| 082 | |a 891.73 DOS/V 32N1 | ||
| 100 | |a Dostoyevsky, Fyodor; Author | ||
| 100 | |a Venu V Desam, Tr | ||
| 245 | |a Viswasthanaaya kallan | ||
| 260 | |c 1991 | ||
| 999 | |c 24729 |d 24729 | ||
| 952 | |0 0 |1 0 |4 0 |6 891_730000000000000_DOSV_32N1 |7 0 |8 MAL |9 24553 |a MGUL |b MGUL |d 2013-07-16 |l 1 |m 1 |o 891.73 DOS/V 32N1 |p 17388 |r 2015-06-11 |s 2015-02-20 |w 2013-07-16 |y BK | ||